000
00327nam a2200157 4500
001
43721
090
_a
43721
100
_a
20241018 pory50
101
_a
por
102
_a
PT
200
_a
Atlas infantil O Mundo
210
_a
[S.l.]
_c
Dinalivro
_d
[S.d.]
215
_a
31 p.
675
_a
912
801
_a
PT
_g
RPC
990
_c
LIVROS